| 000 | 00498nam a2200157Ia 4500 | ||
|---|---|---|---|
| 003 | SGT | ||
| 020 | _a9780070533219 | ||
| 082 |
_a658.62 _bPAN |
||
| 100 | _aPande, Peter S. | ||
| 245 | 4 | _aThe Six Sigma way : how GE, Motorola, and other top companies are honing their performance | |
| 260 |
_bTata McGraw Hill Education Private Limited _aNew Delhi _c2006 |
||
| 300 | _a422p. | ||
| 650 | _aMANAGEMENT | ||
| 653 | _aAN EXECUTIVE OVERVIEW OF SIX SIGMA, GEARING UP ADAPTING SIX SIGMA | ||
| 942 |
_2ddc _cBK |
||
| 999 |
_c5623 _d5623 |
||